Understanding Parkinson's disease (Record no. 406556)

MARC details
000 -LEADER
fixed length control field 00277nam a2200097Ia 4500
082 ## - DEWEY DECIMAL CLASSIFICATION NUMBER
Classification number 616.833 SCHA
008 - FIXED-LENGTH DATA ELEMENTS--GENERAL INFORMATION
fixed length control field 210817s9999 xx 000 0 und d
100 ## - MAIN ENTRY--PERSONAL NAME
Personal name SCHAPIRA, Tony Poole, Dorset, 2004
9 (RLIN) 74871
245 #0 - TITLE STATEMENT
Title Understanding Parkinson's disease
942 ## - ADDED ENTRY ELEMENTS
item type Books

No items available.